Les pays contenant entre 40 % et 50 % de catholiques - Statistiques

Statistiques générales
  • Ce quiz a été pris 18 fois
  • Le résultat moyen est 2 sur 5
Statistiques - réponses
Hint Réponse % Correct
45,5 % Suisse
67%
48,0 % République du Congo
53%
41,9 % Ouganda
20%
40,0 % Belize
13%
43,7 % Rwanda
13%
Aucun quiz correspondant
Distribution des résultats
% des personnes avec chaque résultat
Percentile par nombre de réponses
Votre historique - résultats
Vous n’avez pas pris ce quiz